ბათუმის შოთა რუსთაველის სახელმწიფო უნივერსიტეტის ბიბლიოთეკა

ჩანაწერი Personal Name

ჩანაწერთა რაოდენობა, რომელიც გამოყენებულია: 1

001 - CONTROL NUMBER

  • control field: 21338

003 - CONTROL NUMBER IDENTIFIER

  • control field: GE_BSU

005 - DATE AND TIME OF LATEST TRANSACTION

  • control field: 20240306102617.0

008 - FIXED-LENGTH DATA ELEMENTS

  • fixed length control field: 240306|| aca||aabn | a|a d

040 ## - CATALOGING SOURCE

  • Original cataloging agency: GE_BSU
  • Transcribing agency: GE_BSU

100 ## - HEADING--PERSONAL NAME

  • Personal name: ბუაჩიძე, შ
  • Relator term: მთარგმნელი

670 ## - SOURCE DATA FOUND

  • Source citation: Work cat.: (GE_BSU)56242: ნეიჰარდტი, ალექსანდრა. 21336, ქვეყნიერების შვიდი საოცრება : საკითხავი წიგნი.